Linguistics and your language

保存先:
書誌詳細
第一著者: Hall, Robert
フォーマット: 図書
言語:Undetermined
出版事項: New York, Estados Unidos Anchor Books 1960
主題:
タグ: タグ追加
タグなし, このレコードへの初めてのタグを付けませんか!

MARC

LEADER 00000nam a2200000Ia 4500
008 170316s9999 xx 000 0 und d
090 |a 410 H-3L 
100 |a Hall, Robert 
245 |a Linguistics and your language 
260 |a New York, Estados Unidos 
260 |b Anchor Books 
260 |c 1960 
300 |a 265 páginas 
650 |a LINGÜÍSTICA 
999 |c 18461  |d 18461 
040 |a cru BVZT 
942 |c 15 D  |h 410 H-3L  |2 z